Citizen participation and the reform of devolopment assistance in Central America /
में बचाया:
| मुख्य लेखक: | |
|---|---|
| स्वरूप: | मूलपाठ |
| विषय: | |
| टैग: |
टैग जोड़ें
कोई टैग नहीं, इस रिकॉर्ड को टैग करने वाले पहले व्यक्ति बनें!
|
MARC
| LEADER | 00000 a a2200000 04500 | ||
|---|---|---|---|
| 001 | 43754 | ||
| 003 | |||
| 040 | |||
| 100 | |a Cox, Stephen B. | ||
| 245 | |a Citizen participation and the reform of devolopment assistance in Central America / |c Stephen B. Cox | ||
| 650 | |a PARTICIPACION SOCIAL | ||
| 650 | |a DESARROLLO ECONOMICO Y SOCIAL | ||
| 650 | |a CENTROAMERICA | ||
| 773 | |g páginas 59-83 | ||
| 999 | |c 30826 |d 30826 | ||
